000 00497cam a2200205ua 4500
001 9183
005 20260515114434.0
008 150223n ii |||gr||||Z||||||eng
020 _a8170540461
040 _cMAIN
041 _aeng
082 _a823
100 _aDhawan, R. K.,
_eEditor.
245 1 _aCommonwealth fiction :
_bVol. II /
_cEdited by R. K. Dhawan .
250 _a1st.
260 _aNew delhi:
_bClassical,
_c1988.
300 _a284p.
653 _aEnglish fiction
942 _cBK
999 _c8246
_d8246